000 00824nam a22002417a 4500
003 0
005 20250908111437.0
008 250908b xxu||||| |||| 00| 0 eng d
020 _a978-1-5296-2641-4
050 _aH 61.3
_b.B44 2025
100 _aBeekhuyzen, Jenine,
_eauthor.
245 _aQualitative data analysis with NVIVO /
_cJenine Beekhuyzen and Pat Bazeley.
250 _aFourth edition.
260 _aLondon :
_bSage,
_c2025.
300 _axiv, 364 pages :
_billustrations ;
_c25 cm.
504 _aIncludes bibliographical references and index.
650 _aQualitative research
_xData processing.
650 _aNVivo (Computer file).
650 _aSocial sciences
_xResearch
_vData processing.
650 _aResearch
_xMethodology
_vComputer programs.
700 _aBazeley, Pat,
_eauthor.
942 _2lcc
_cBK
999 _c367813
_d367813